Choices writers make : (Record no. 47887)
[ view plain ]
| 000 -LEADER | |
|---|---|
| fixed length control field | 00732cam a2200229 a 4500 |
| 001 - CONTROL NUMBER | |
| control field | 16524032 |
| 003 - CONTROL NUMBER IDENTIFIER | |
| control field | 0 |
| 005 - DATE AND TIME OF LATEST TRANSACTION | |
| control field | 20170116111010.0 |
| 008 - FIXED-LENGTH DATA ELEMENTS--GENERAL INFORMATION | |
| fixed length control field | 101029s2011 nyua b 001 0 eng |
| 020 ## - INTERNATIONAL STANDARD BOOK NUMBER | |
| International Standard Book Number | 9780205617050 (pbk.) |
| 040 ## - CATALOGING SOURCE | |
| Transcribing agency | spu |
| 050 00 - LIBRARY OF CONGRESS CALL NUMBER | |
| Classification number | REF PE1408 |
| Item number | .D46 2011 |
| 100 1# - MAIN ENTRY--PERSONAL NAME | |
| Personal name | DeRosa, Susan L. |
| 245 10 - TITLE STATEMENT | |
| Title | Choices writers make : |
| Remainder of title | a guide / |
| Statement of responsibility, etc | Susan DeRosa, Stephen Ferruci. |
| 260 ## - PUBLICATION, DISTRIBUTION, ETC. (IMPRINT) | |
| Place of publication, distribution, etc | New York : |
| Name of publisher, distributor, etc | Pearson Longman, |
| Date of publication, distribution, etc | 2011. |
| 300 ## - PHYSICAL DESCRIPTION | |
| Extent | xxii, 601 p. : |
| Other physical details | ill. ; |
| Dimensions | 23 cm. |
| 504 ## - BIBLIOGRAPHY, ETC. NOTE | |
| Bibliography, etc | Includes bibliographical references and index. |
| 650 #0 - SUBJECT ADDED ENTRY--TOPICAL TERM | |
| Topical term or geographic name as entry element | English language |
| General subdivision | Rhetoric |
| Form subdivision | Problems, exercises, etc. |
| 650 #0 - SUBJECT ADDED ENTRY--TOPICAL TERM | |
| Topical term or geographic name as entry element | Report writing |
| Form subdivision | Problems, exercises, etc. |
| 700 1# - ADDED ENTRY--PERSONAL NAME | |
| Personal name | Ferruci, Stephen A. |
| 942 ## - ADDED ENTRY ELEMENTS (KOHA) | |
| Source of classification or shelving scheme | Library of Congress Classification |
| Koha item type | Book |
| Withdrawn status | Lost status | Source of classification or shelving scheme | Damaged status | Not for loan | Collection code | Home library | Current library | Shelving location | Date acquired | Source of acquisition | Cost, normal purchase price | Full call number | Barcode | Copy number | Price effective from | Koha item type | Total Checkouts |
|---|---|---|---|---|---|---|---|---|---|---|---|---|---|---|---|---|---|
| Library of Congress Classification | Non-fiction | Bishop Okullu Memorial Library (Limuru Campus) | Bishop Okullu Memorial Library (Limuru Campus) | General Circulation | 19/10/2018 | Donation-BFA | 1500.00 | REF PE1408 .D46 2011 | 060415 | 2 | 19/10/2018 | Book | |||||
| Library of Congress Classification | Not For Loan | Reference | Nairobi Campus | Nairobi Campus | Reference | 16/01/2017 | Donation-BFA | 1500.00 | REFPE1408 .D46 2011 | 049380 | 1 | 16/01/2017 | Book | ||||
| Library of Congress Classification | Non-fiction | Nakuru Campus | Nakuru Campus | General Circulation | 29/11/2018 | Donations-BFA | 1500.00 | PE1408 .D46 2011 | 060753 | 3 | 29/11/2018 | Book |